|
|
|
|
| LEADER |
00658nam a22001937a 4500 |
| 003 |
OSt |
| 082 |
|
|
|a 628.16
|b MUR/TR
|
| 100 |
|
|
|a Murali Krishna K V S G
|
| 245 |
|
|
|a Rural, municipal and industrial water management
|
| 260 |
|
|
|a Kakinada
|b Environmental protection society
|c 1998
|
| 300 |
|
|
|a 212 Pages
|
| 650 |
|
|
|a Sources of water
|
| 650 |
|
|
|a Quality of water
|
| 650 |
|
|
|a Industrial water uses
|
| 650 |
|
|
|a Quantity of water
|
| 650 |
|
|
|a Intakes and pumps
|
| 942 |
|
|
|2 ddc
|c BK
|
| 999 |
|
|
|c 142139
|d 142139
|
| 952 |
|
|
|0 0
|1 0
|2 ddc
|4 0
|6 628_160000000000000_MURTR
|7 0
|9 141108
|a KAUCLV
|b KAUCLV
|c GENERAL
|d 2015-12-03
|g 250.00
|o 628.16 MUR/TR
|p 224856
|r 2015-12-03
|w 2015-12-03
|y BK
|